The benefits and challenges of the Integrated Financial Management Information System in Government: A case study of Coppererbelt Province (Record no. 35729)

MARC details
000 -LEADER
fixed length control field 00752nam a2200157 a 4500
008 - FIXED-LENGTH DATA ELEMENTS--GENERAL INFORMATION
fixed length control field 220224s2018 ||||||||||||||||| || u
050 ## - LIBRARY OF CONGRESS CALL NUMBER
Classification number CBU- PG THESIS/LUB
100 ## - MAIN ENTRY--PERSONAL NAME
Personal name Lubasi, Ilukena
245 14 - TITLE STATEMENT
Title The benefits and challenges of the Integrated Financial Management Information System in Government: A case study of Coppererbelt Province
Statement of responsibility, etc. By Ilukena Lubasi
260 ## - PUBLICATION, DISTRIBUTION, ETC.
Place of publication, distribution, etc. Kitwe
Name of publisher, distributor, etc. Copperbelt University
Date of publication, distribution, etc. 2018
300 ## - PHYSICAL DESCRIPTION
Extent xi, 68 pages : illustrations
650 ## - SUBJECT ADDED ENTRY--TOPICAL TERM
Topical term or geographic name entry element FINANCIAL MANAGEMENT IN GOVERNMENT - COPPERBELT PROVINCE
650 ## - SUBJECT ADDED ENTRY--TOPICAL TERM
Topical term or geographic name entry element INFORMATION SYSTEM IN GOVERNMENT
650 ## - SUBJECT ADDED ENTRY--TOPICAL TERM
Topical term or geographic name entry element FINANCIAL MANAGEMENT
995 ## - RECOMMENDATION 995 [LOCAL, UNIMARC FRANCE]
-- CBU-MAIN LIBRARY (Kitwe)
-- 1
-- AVAILABLE
-- Oct 27, 2022
-- University Collection
Holdings
Withdrawn status Lost status Source of classification or shelving scheme Damaged status Not for loan Home library Current library Shelving location Date acquired Total Checkouts Full call number Barcode Date last seen Price effective from Koha item type
          CBU-MAIN LIBRARY, KITWE. CBU-MAIN LIBRARY, KITWE.   11/30/2022   CBU- PG THESIS/LUB B5073 11/30/2022 11/30/2022 MONOGRAPH